000
00297nam a2200121Ia 4500
008
220204s9999 xx 000 0 und d
082
_a
330.342.14
_b
EDW
100
_a
EDWARDS, bichard C
245
0
_a
Capitalist system
250
_a
Ed.2
260
_a
New Jersey
_b
Prentice Hall
_c
1972
942
_c
BK
999
_c
29177
_d
29177